Bilecik Bilecik Bilecik Bilecik Bilecik

Aşık Garip hikayesi : (Record no. 12175)

MARC details
000 -BAŞLIK
Sabit Uzunluktaki Kontrol Alanı 01217nam a22003737a 4500
001 - KONTROL NUMARASI
Control Dosyası 0012206
003 - KONTROL NUMARASI KİMLİĞİ
Kontrol Alanı KOHA_MİRAKIL
005 - EN SON İŞLEM TARİHİ ve ZAMANI
Kontrol Alanı 20260207001842.0
007 - FİZİKSEL TANIM SABİT ALAN - GENEL BİLGİ
Sabit uzunluklu kontrol alanı ta
008 - SABİT UZUNLUKTAKİ VERİ ÖGELERİ - GENEL BİLGİ
Sabit Alan 091229b1974 tu |||gr||||#||||1|tur |
020 ## - ISBN - ULUSLARARASI STANDART KİTAP NUMARASI
Kullanılabilirlik koşulları 0,01
040 ## - KATALOGLAMA KAYNAĞI
Özgün Kataloglama Kurumu TR-BiSEU
Kataloglama Dili tur
Çeviri Kurumu TR-BiSEU
Açıklama Kuralları rda
041 0# - DİL KODU
Metin ya da ses kaydının dil kodu tur
044 ## - YAYINLAYAN/ÜRETEN KURULUŞUN ÜLKE KODU
ISO country code tu
050 ## - SINIFLAMA ve YER NUMARASI
Sınıflama Numarası PL246
Yer Numarası .T87 1974
100 1# - KİŞİ ADI
Yazar Adı (Kişi adı) Türkmen, Fikret.
245 1# - ESER ADI BİLDİRİMİ
Başlık Aşık Garip hikayesi :
Alt Eseradı vb. üzerinde mukayeseli bir araştırma/
Sorumluluk Bildirimi Fikret Türkmen ; Fikret Türkmen.
264 #1 - ÜRERİM, YAYIN, DAĞITIM ve TELİF BİLDİRİMİ
Yayın yeri Ankara :
Yayınlayan Atatürk Üniversitesi
Yayın tarihi 1974
300 ## - FİZİKSEL TANIMLAMA
Sayfa, Cilt vb. xxxviii, 307 sayfa; 27 cm.
336 ## - İÇERİK TÜRÜ
Content type term metin
Content type code txt
Source rdacontent
337 ## - MEDYA TÜRÜ
Media type term aracısız
Media type code n
Source rdamedia
338 ## - TAŞIYICI TÜRÜ
Carrier type term cilt
Carrier type code nc
Source rdacarrier
490 1# - DİZİ BİLDİRİMİ
Dizi Bildirimi Atatürk Üniversitesi ;
Cilt Numarası yayın no.
490 1# - DİZİ BİLDİRİMİ
Dizi Bildirimi 357.
490 1# - DİZİ BİLDİRİMİ
Dizi Bildirimi Edebiyat Fakültesi ;
Cilt Numarası yayın no.70.
490 1# - DİZİ BİLDİRİMİ
Dizi Bildirimi Araştırma ;
Cilt Numarası yayın no.59.
650 #0 - KONU BAŞLIĞI EK GİRİŞ - KONU TERİMİ
Konusal terim veya coğrafi ad Folk literature, Turkish--Turkey.
9 (RLIN) 15358
650 #0 - KONU BAŞLIĞI EK GİRİŞ - KONU TERİMİ
Konusal terim veya coğrafi ad Halk edebiyatı, Türk--Türkiye.
9 (RLIN) 29523
830 1# - SERİ EK GİRİŞİ - TEKBİÇİM ESER ADI
Tekbiçim Başlık Atatürk Üniversitesi ;
Volume number/sequential designation yayın no.
9 (RLIN) 29524
830 1# - SERİ EK GİRİŞİ - TEKBİÇİM ESER ADI
Tekbiçim Başlık 357.
9 (RLIN) 29525
830 1# - SERİ EK GİRİŞİ - TEKBİÇİM ESER ADI
Tekbiçim Başlık Edebiyat Fakültesi ;
Volume number/sequential designation yayın no.70.
9 (RLIN) 29526
830 1# - SERİ EK GİRİŞİ - TEKBİÇİM ESER ADI
Tekbiçim Başlık Araştırma ;
Volume number/sequential designation yayın no.59.
9 (RLIN) 16699
942 ## - EK GİRİŞ ÖGELERİ (KOHA)
Source of classification or shelving scheme Library of Congress Classification
Koha item type Book
Holdings
Materyal Türü Kalıcı Konum Mevcut Konum Raf Yeri Sınıflandırma Kaynağı Edinim Bilgisi Ana Konular Alt Konular Yer Numarası Demirbaş Numarası Fatura Tarihi Geri Çekilme Durumu Kayıp Durumu Hasarlı Durumu Kredi için değil Kayıt Tarih Toplam Ödünçverme Son Görülme Tarihi Son Kontrol Tarihi Genel / Bağış Notu
Book Prof. Dr. Azmi Özcan Kütüphanesi Prof. Dr. Azmi Özcan Kütüphanesi Birûni Salonu Library of Congress Classification Bağış DİL VE EDEBİYAT Doğu Asya, Afrika, Okyanusya Dilleri ve Edebiyatları PL246 .T87 1974 0012206 13/08/2010         29/12/2009   05/12/2024 05/12/2024 Genel Bağış